Medio siglo de poesía dominicana / (Registro nro. 7498)

Detalles MARC
000 -LIDER
fixed length control field 00916nam a2200265 a 4500
001 - NÚMERO DE CONTROL
Identificador de número de control 000010500
003 - IDENTIFICACDOR DE NÚMERO DE CONTROL
control field DO-SdBNP
005 - DATE AND TIME OF LATEST TRANSACTION
control field 20241028093849.0
007 - CAMPOS FIJOS DE DESCRIPCIÓN FÍSICA
fixed length control field 000010500
008 - ELEMENTOS DE LONGITUD FIJA
fixed length control field 091007s1983 dr 000 p spa d
040 ## - FUENTE DE CATALOGACIÓN
Agencia que crea de manera original el registro BPMSU
Idioma de catalogación spa
Agencia que realiza la transcripción BPMSU
082 #4 - NÚMERO DE CLASIFICACIÓN DECIMAL DE DEWEY
Classification number RD861.09
Item number M491s 1983
Edition number 22
245 00 - MENCIÓN DE TITULO
Título Medio siglo de poesía dominicana /
Mención de responsabilidad José Adamés Chapman ... [et al.] ; coordinador José Alcántara Almánzar.
260 ## - PUBLICACIÓN, DISTRIBUCIÓN, ETC. (PIE DE IMPRENTA)
Lugar de publicación, distribución, etc Santo Domingo :
Nombre del editor, distribuidor, etc. INTEC,
Fecha de publicación, distribución, etc 1983.
300 ## - DESCRIPCIÓN FÍSICA
Extensión 47 p. ;
Dimensiones 22 cm.
490 0# - MENCIÓN DE SERIES
Mención de serie Monografía,
Volume/sequential designation 19
500 ## - NOTA GENERAL
Nota general Incluye referencias bibliográficas y notas al pie de las páginas
590 ## - NOTA LOCAL
Texto de la nota local Inventariado, 2024/VM
650 #4 - ENCABEZAMIENTO DE MATERIA--TEMÁTICO
Término temático o nombre geográfico como elemento de entrada Poesía dominicana
Subdivisión temática general Historia y crítica
700 1# - ASIENTO SECUNDARIO -- NOMBRE PERSONAL
Nombre personal Alcántara Almánzar, José
Mención de responsabilidad coordinador
700 1# - ASIENTO SECUNDARIO -- NOMBRE PERSONAL
Nombre personal Adamés Chapman, José
710 2# - ASIENTO SECUNDARIO -- NOMBRE CORPORATIVO
Nombre corporativo o de jurisdicción Instituto Tecnológico de Santo Domingo
910 ## - VALIDACIÓN
Validación VMateo V. Control de calidad BPMSU
942 ## - ADDED ENTRY ELEMENTS (KOHA)
Source of classification or shelving scheme Dewey Decimal Classification
Koha item type Libros
Existencias
Withdrawn status Lost status Source of classification or shelving scheme Damaged status Not for loan Collection code Home library Current library Date acquired Total Checkouts Full call number Barcode Date last seen Price effective from Koha item type Copy number
    Dewey Decimal Classification     Colección Dominicana Biblioteca Pública Metropolitana Salomé Ureña Biblioteca Pública Metropolitana Salomé Ureña 02/24/2015   BPMSU CD RD861.09 M491s 1983 BPMSU15040146 02/24/2015 02/24/2015 Libros  
    Dewey Decimal Classification     Colección Dominicana Biblioteca Pública Metropolitana Salomé Ureña Biblioteca Pública Metropolitana Salomé Ureña 02/24/2015   BPMSU CD RD861.09 M491s 1983 BPMSU15040147 02/24/2015 02/24/2015 Libros e.2
    Dewey Decimal Classification     Colección Dominicana Biblioteca Pública Metropolitana Salomé Ureña Biblioteca Pública Metropolitana Salomé Ureña 08/07/2015   RD861.09 M491s BPMSU15080227 08/07/2015 08/07/2015 Libros ej. 3